| Поле | Название | Значение |
| |
Тип записи |
c |
| |
Библиографический уровень |
m |
| 001 |
Контрольный номер |
RU/УОНБ/EK_N/467386381 |
| 005 |
Дата корректировки |
20251209171837.4 |
| 010 |
Индекс ISBN |
__ |
| 9 |
Тираж |
22300 экз. |
| 013 |
Номер (ISMN) |
__ |
| d |
Цена |
50 к. |
| 071 |
Издательские номер (звукозапись и ноты) |
21 |
| a |
Номер, присвоенный агентством |
7150 |
| 100 |
Данные общей обработки |
__ |
| a |
Данные общей обработки |
20141023d1985 u y0rusy0189||||ca |
| 101 |
Язык документа |
0_ |
| a |
Язык текста |
rus |
| f |
Язык титульного листа |
rus |
| 102 |
Страна публикации |
__ |
| a |
Страна публикации |
RU |
| 105 |
Кодированные данные (монография) |
__ |
| a |
Кодированные данные (монография) |
y###||||000|y |
| 125 |
Кодированные данные звукозаписи и нотных изданий |
__ |
| a |
Форма изложения нотного текста |
с| |
| 128 |
Кодированные данные (звукозаписи-физические характеристики) |
__ |
| a |
Кодированные данные: Музыкальная форма и тональность или лад |
zz |
| c |
Инструменты или голоса, рекомендуемые для солистов (устаревшее) |
kt|| |
| 200 |
Заглавие и сведения об ответственности |
1_ |
| a |
Заглавие |
Вып. 53 |
| e |
Сведения, относящиеся к заглавию |
пьесы для 3-5 кл. |
| f |
Первые сведения об ответственности |
сост. А. Гуськов |
| 210 |
Выходные данные |
1_ |
| d |
Дата издания |
1985 |
| 215 |
Физическое описание |
__ |
| a |
Объем |
31 c. |
| 327 |
Примечание о содержании |
11 |
| a |
Примечание о содержании |
Содерж. : Шостакович Д. У памятника старины : хорал из кф. "Пять дней и пять ночей". - Кабалевский Д. Кавалерийская. - Косенко В. Пионерская песня. - Слонов Ю. Полька. - Кравченко Б. Эй, трубач молоденький. - Беркович И. Сказка. - Глиэр Р. Рондо. - Гедике А. Миниатюра. - Жубанов А. Таджикский танец. - Иванов В. Мазурка. - Бухвостов В. Лирический вальс ; Маленькое скерцино. - Судариков А. Переборы. - Голубятников В. Колобок. - Лядов А. Прелюдия. - Гайдн Й. Скерцо. - Не велят Маше за реченьку ходить : рус. нар. песня / обраб. А. Глазунова. - Прялица : рус. хороводный танец / обраб. С. Павина. - Как со вечора дождь : рус. нар. песня / обраб. В. Грачева. - Как у нашего соседа : рус. нар. песня / обраб. А. Гуськова. - Кума, моя кумушка : белорус. нар. песня / обраб. Ф. Бушуева. |
| 461 |
Уровень набора |
_0 |
| 1 |
|
001RU/УОНБ/EK_N/458142235 |
| 1 |
|
200 |
| a |
|
Баян в музыкальной школе |
| b |
|
[Ноты] |
| v |
|
Вып. 53 |
| 1 |
|
210 |
| a |
|
М. |
| c |
|
Советский композитор |
| d |
|
1969 - |
| 464 |
Аналитический уровень |
_0 |
| 1 |
|
2001 |
| a |
|
У памятника старины |
| e |
|
хорал из кф. "Пять дней и пять ночей" |
| 1 |
|
700 1 |
| a |
|
Шостакович |
| b |
|
Д. |
| 1 |
|
50010 |
| a |
|
Пять дней и пять ночей |
| 464 |
Аналитический уровень |
_0 |
| 1 |
|
2001 |
| a |
|
Кавалерийская |
| 1 |
|
700 1 |
| a |
|
Кабалевский |
| b |
|
Д. |
| 464 |
Аналитический уровень |
_0 |
| 1 |
|
2001 |
| a |
|
Пионерская песня |
| 1 |
|
700 1 |
| a |
|
Косенко |
| b |
|
В. |
| 464 |
Аналитический уровень |
_0 |
| 1 |
|
2001 |
| a |
|
Полька |
| 1 |
|
700 1 |
| a |
|
Слонов |
| b |
|
Ю. |
| 464 |
Аналитический уровень |
_0 |
| 1 |
|
2001 |
| a |
|
Эй, трубач молоденький |
| 1 |
|
700 1 |
| a |
|
Кравченко |
| b |
|
Б. |
| 464 |
Аналитический уровень |
_0 |
| 1 |
|
2001 |
| a |
|
Сказка |
| 1 |
|
700 1 |
| a |
|
Беркович |
| b |
|
И. |
| 464 |
Аналитический уровень |
_0 |
| 1 |
|
2001 |
| a |
|
Рондо |
| 1 |
|
700 1 |
| a |
|
Глиэр |
| b |
|
Р. |
| 464 |
Аналитический уровень |
_0 |
| 1 |
|
2001 |
| a |
|
Миниатюра |
| 1 |
|
700 1 |
| a |
|
Гедике |
| b |
|
А. |
| 464 |
Аналитический уровень |
_0 |
| 1 |
|
2001 |
| a |
|
Таджикский танец |
| 1 |
|
700 1 |
| a |
|
Жубанов |
| b |
|
А. |
| 464 |
Аналитический уровень |
_0 |
| 1 |
|
2001 |
| a |
|
Мазурка |
| 1 |
|
700 1 |
| a |
|
Иванов |
| b |
|
В. |
| 464 |
Аналитический уровень |
_0 |
| 1 |
|
2001 |
| a |
|
Лирический вальс |
| 1 |
|
700 1 |
| a |
|
Бухвостов |
| b |
|
В. |
| 464 |
Аналитический уровень |
_0 |
| 1 |
|
2001 |
| a |
|
Маленькое скерцино |
| 1 |
|
700 1 |
| a |
|
Бухвостов |
| b |
|
В. |
| 464 |
Аналитический уровень |
_0 |
| 1 |
|
2001 |
| a |
|
Переборы |
| 1 |
|
700 1 |
| a |
|
Судариков |
| b |
|
А. |
| 464 |
Аналитический уровень |
_0 |
| 1 |
|
2001 |
| a |
|
Колобок |
| 1 |
|
700 1 |
| a |
|
Голубятников |
| b |
|
В. |
| 464 |
Аналитический уровень |
_0 |
| 1 |
|
2001 |
| a |
|
Прелюдия |
| 1 |
|
700 1 |
| a |
|
Лядов |
| b |
|
А. |
| 464 |
Аналитический уровень |
_0 |
| 1 |
|
2001 |
| a |
|
Скерцо |
| 1 |
|
700 1 |
| a |
|
Гайдн |
| b |
|
Й. |
| 464 |
Аналитический уровень |
_0 |
| 1 |
|
2001 |
| a |
|
Не велят Маше за реченьку ходить |
| e |
|
рус. нар. песня |
| 1 |
|
702 1 |
| a |
|
Глазунов |
| b |
|
А. |
| 4 |
|
030 |
| 464 |
Аналитический уровень |
_0 |
| 1 |
|
2001 |
| a |
|
Прялица |
| e |
|
рус. хороводный танец |
| 1 |
|
702 1 |
| a |
|
Павин |
| b |
|
С. |
| 4 |
|
030 |
| 464 |
Аналитический уровень |
_0 |
| 1 |
|
2001 |
| a |
|
Как со вечора дождь |
| e |
|
рус. нар. песня |
| 1 |
|
702 1 |
| a |
|
Грачев |
| b |
|
В. |
| 4 |
|
030 |
| 464 |
Аналитический уровень |
_0 |
| 1 |
|
2001 |
| a |
|
Как у нашего соседа |
| e |
|
рус. нар. песня |
| 1 |
|
702 1 |
| a |
|
Гуськов |
| b |
|
А. |
| 4 |
|
030 |
| 464 |
Аналитический уровень |
_0 |
| 1 |
|
2001 |
| a |
|
Кума, моя кумушка |
| e |
|
белорус. нар. песня |
| 1 |
|
702 1 |
| a |
|
Бушуев |
| b |
|
Ф. |
| 4 |
|
030 |
| 512 |
Заглавие обложки |
1_ |
| a |
Заглавие обложки |
Баян в музыкальной школе |
| 606 |
Тематические рубрики |
0_ |
| a |
Основная рубрика |
Баян |
| x |
Основная подрубрика |
Педагогический репертуар ДМШ |
| 610 |
Ключевые слова |
0_ |
| a |
Ключевые слова |
педагогический репертуар ДМШ |
| 610 |
Ключевые слова |
0_ |
| a |
Ключевые слова |
баян |
| 686 |
Индексы других классификаций |
__ |
| a |
Классификационный индекс |
85.954.698я43 |
| 2 |
Код системы |
rubbk |
| 702 |
Вторичная интеллектуальная ответственность |
_1 |
| a |
Фамилия |
Гуськов |
| b |
Имя (инициалы) |
А. |
| 4 |
Код отношения |
220 |
| 801 |
Источник записи |
_0 |
| a |
Страна |
RU |
| b |
Организация |
Ульяновская ОНБ |
| c |
Дата составления |
20141023 |
| g |
Правила каталогизации |
RCR |
| 801 |
Источник записи |
_1 |
| a |
Страна |
RU |
| b |
Организация |
IS |
| c |
Дата составления |
20141023 |
| g |
Правила каталогизации |
RCR |
| 901 |
Тип документа |
__ |
| t |
Тип документа |
n |
| w |
Контрольный № источника |
RU/УОНБ/EK_N/458142235 |
| 909 |
Создатель записи |
__ |
| a |
Создатель записи |
Никитина Т. А. |
| 910 |
Корректоры записи |
__ |
| a |
Корректор записи |
Васина |
| 938 |
Служебная информация |
__ |
| a |
Имя БД |
noti |
| b |
Имя библиотеки |
УОНБ |
| c |
Имя АИБС |
МАРК-SQL |
| d |
Номер DOC_ID в БД |
12585 |